[Event "USA-chT Amateur West"]
[Site "Norwalk"]
[Date "2005.02.21"]
[Round "6"]
[White "Hurdle, Robert"]
[Black "Van Buskirk, Charles Anthony"]
[Result "0-1"]
[WhiteElo "2215"]
[BlackElo "2293"]
[PlyCount "62"]
[EventDate "2005.02.19"]
[EventType "team"]
[EventRounds "6"]
[EventCountry "USA"]
[SourceTitle "EXT 2014"]
[Source "ChessBase"]
[SourceDate "2013.11.20"]
[SourceVersion "1"]
[SourceVersionDate "2013.11.20"]
[SourceQuality "1"]

1. e4 c5 2. Nf3 d6 3. c3 Nf6 4. Be2 g6 5. 0-0 Bg7 6. Re1 0-0 7. Bf1 Nc6 8. d4 cxd4 9. cxd4 Bg4 10. d5 Ne5 11. Be2 Nxf3+ 12. Bxf3 Bxf3 13. Qxf3 Nd7 14. Nc3 Rc8 15. Bd2 Ne5 16. Qe2 Nc4 17. Rab1 Nxd2 18. Qxd2 Qa5 19. Red1 Rc4 20. Qd3 Rfc8 21. Ne2 Qxa2 22. Ra1 Qxb2 23. Rxa7 Rc2 24. Kf1 h5 25. Ra5 R8c4 26. Re1 Kh7 27. Raa1 Rxe2 28. Qxe2 Qxe2+ 29. Kxe2 Bxa1 30. Rxa1 Rxe4+ 31. Kd3 Re5 0-1

[Event "Southern California-ch"]
[Site "Los Angeles"]
[Date "2004.07.25"]
[Round "7"]
[White "Taylor, Timothy"]
[Black "Van Buskirk, Charles Anthony"]
[Result "1-0"]
[WhiteElo "2280"]
[BlackElo "2311"]
[PlyCount "57"]
[EventDate "2004.07.10"]
[EventType "tourn"]
[EventRounds "7"]
[EventCountry "USA"]
[EventCategory "1"]
[SourceTitle "CBM 101 Extra"]
[Source "ChessBase"]
[SourceDate "2004.09.01"]
[SourceVersion "2"]
[SourceVersionDate "2004.09.01"]
[SourceQuality "1"]

1. d4 d5 2. Nf3 Nf6 3. c4 dxc4 4. Nc3 e6 5. e4 Bb4 6. Bg5 c5 7. e5 h6 8. exf6 hxg5 9. fxg7 Rg8 10. Qc2 Qf6 11. 0-0-0 Bxc3 12. Qxc3 cxd4 13. Nxd4 Bd7 14. Bxc4 Nc6 15. Nb5 Qxc3+ 16. bxc3 Ke7 17. Rhe1 Rac8 18. Nd6 Rc7 19. Nxf7 Rxg7 20. Nd6 Rh7 21. h3 Na5 22. Bd3 Rh8 23. Ne4 Rg8 24. Re3 e5 25. g4 Be6 26. Rd2 a6 27. Kd1 Bc4 28. Nxg5 Rxg5 29. f4 1-0

[Event "Southern California-ch"]
[Site "Los Angeles"]
[Date "2004.07.24"]
[Round "6"]
[White "Van Buskirk, Charles Anthony"]
[Black "Casella, Michael"]
[Result "1/2-1/2"]
[WhiteElo "2311"]
[BlackElo "2277"]
[PlyCount "93"]
[EventDate "2004.07.10"]
[EventType "tourn"]
[EventRounds "7"]
[EventCountry "USA"]
[EventCategory "1"]
[SourceTitle "CBM 101 Extra"]
[Source "ChessBase"]
[SourceDate "2004.09.01"]
[SourceVersion "2"]
[SourceVersionDate "2004.09.01"]
[SourceQuality "1"]

1. d4 Nf6 2. c4 c5 3. d5 e6 4. Nc3 exd5 5. cxd5 d6 6. e4 g6 7. f4 Bg7 8. Nf3 0-0 9. Be2 Nbd7 10. 0-0 Re8 11. Nd2 a6 12. a4 Rb8 13. Kh1 Nb6 14. Bf3 Bd7 15. a5 Na8 16. Re1 h5 17. Nc4 Ng4 18. Bxg4 Bxg4 19. Qd3 Nc7 20. Be3 Nb5 21. h3 Bd7 22. e5 Bf5 23. Qd2 Nxc3 24. bxc3 dxe5 25. fxe5 Qh4 26. Nd6 Rxe5 27. Bg5 Qg3 28. Bf4 Rxe1+ 29. Rxe1 Qxc3 30. Qxc3 Bxc3 31. Rc1 Bb2 32. Rxc5 Ba3 33. Nxf5 Bxc5 34. Nh6+ Kf8 35. Bxb8 Be3 36. Bd6+ Kg7 37. Bc7 Kf8 38. Bd6+ Kg7 39. Bc7 Kf8 40. d6 Bf4 41. Kg1 Kg7 42. Kf2 Kxh6 43. Kf3 g5 44. Bb8 Bd2 45. Bc7 Bf4 46. Bb8 Bd2 47. Bc7 1/2-1/2

[Event "Southern California-ch"]
[Site "Los Angeles"]
[Date "2004.07.10"]
[Round "2"]
[White "Van Buskirk, Charles Anthony"]
[Black "Peters, Jack"]
[Result "1/2-1/2"]
[WhiteElo "2311"]
[BlackElo "2424"]
[PlyCount "84"]
[EventDate "2004.07.10"]
[EventType "tourn"]
[EventRounds "7"]
[EventCountry "USA"]
[EventCategory "1"]
[SourceTitle "CBM 101 Extra"]
[Source "ChessBase"]
[SourceDate "2004.09.01"]
[SourceVersion "2"]
[SourceVersionDate "2004.09.01"]
[SourceQuality "1"]

1. d4 Nf6 2. Nf3 e6 3. e3 c5 4. Bd3 Nc6 5. 0-0 d5 6. b3 Be7 7. Bb2 0-0 8. Nbd2 a5 9. Ne5 a4 10. a3 axb3 11. cxb3 Nxe5 12. dxe5 Nd7 13. Qh5 g6 14. Qh6 b6 15. f4 Re8 16. Rad1 Bf8 17. Qh3 Ba6 18. Bxa6 Rxa6 19. e4 d4 20. Qd3 Ra7 21. Qb5 Qa8 22. Rde1 Rd8 23. Nc4 Qb7 24. Rf3 Rb8 25. Bc1 Qa6 26. a4 Be7 27. Bd2 Qxb5 28. axb5 Ra2 29. Rff1 Rba8 30. Rb1 f6 31. exf6 Nxf6 32. Rfe1 Rc2 33. Rbc1 Raa2 34. Rxc2 Rxc2 35. e5 Nd5 36. Ra1 g5 37. fxg5 Nc3 38. Ra7 Bf8 39. Rb7 Nxb5 40. Rxb6 Nc3 41. Rb8 Ne4 42. Bf4 Nc3 1/2-1/2

[Event "Western Pacific op 2nd"]
[Site "Burbank"]
[Date "2004.04.04"]
[Round "5"]
[White "Berger, Christian"]
[Black "Van Buskirk, Charles Anthony"]
[Result "0-1"]
[WhiteElo "2066"]
[BlackElo "2292"]
[PlyCount "112"]
[EventDate "2004.04.02"]
[EventType "swiss"]
[EventRounds "5"]
[EventCountry "USA"]
[SourceTitle "CBM 099 Extra"]
[Source "ChessBase"]
[SourceDate "2004.05.04"]
[SourceVersion "1"]
[SourceVersionDate "2004.05.04"]
[SourceQuality "1"]

1. e4 c5 2. f4 d5 3. exd5 Nf6 4. Bb5+ Bd7 5. Bxd7+ Qxd7 6. c4 e6 7. Qe2 Bd6 8. d3 0-0 9. dxe6 fxe6 10. Nf3 Nc6 11. 0-0 Rae8 12. Nc3 e5 13. f5 Qxf5 14. Bg5 Qd7 15. Bxf6 gxf6 16. Nh4 Nd4 17. Qh5 f5 18. Qg5+ Qg7 19. Qxg7+ Kxg7 20. Rae1 a6 21. Re3 Re6 22. Nf3 Nc2 23. Re2 Nb4 24. Rd1 Nc6 25. Nd5 b5 26. b3 Rg6 27. Rf1 Re6 28. Nh4 Nd4 29. Ref2 e4 30. dxe4 fxe4 31. Rxf8 Bxf8 32. Nf5+ Nxf5 33. Rxf5 Bd6 34. Ne3 Be5 35. g3 Bd4 36. Kf2 bxc4 37. Ke2 cxb3 38. axb3 Rb6 39. Rf4 Bxe3 40. Kxe3 Rxb3+ 41. Ke2 Rb2+ 42. Ke3 Rxh2 43. Rxe4 Rh6 44. Re7+ Kf6 45. Rc7 Kg5 46. Rxc5+ Kg4 47. Kf2 Rh2+ 48. Kg1 Ra2 49. Rc3 a5 50. Kf1 a4 51. Ke1 h5 52. Kd1 a3 53. Ke1 Ra1+ 54. Kf2 a2 55. Rc4+ Kf5 56. Ra4 Rh1 0-1

[Event "Western Class-ch"]
[Site "Agoura Hills"]
[Date "2004.01.19"]
[Round "6"]
[White "Van Buskirk, Charles Anthony"]
[Black "Del Pilar, Reynaldo"]
[Result "1-0"]
[WhiteElo "2292"]
[BlackElo "2272"]
[PlyCount "55"]
[EventDate "2004.01.16"]
[EventType "swiss"]
[EventRounds "7"]
[EventCountry "USA"]
[SourceTitle "CBM 098 Extra"]
[Source "ChessBase"]
[SourceDate "2004.03.10"]
[SourceVersion "2"]
[SourceVersionDate "2004.03.10"]
[SourceQuality "1"]

1. d4 Nf6 2. c4 e6 3. Nc3 Bb4 4. f3 d5 5. a3 Be7 6. e4 dxe4 7. fxe4 e5 8. d5 Bc5 9. Nf3 Ng4 10. Na4 Bf2+ 11. Ke2 f5 12. h3 Bg3 13. hxg4 fxe4 14. Qc2 exf3+ 15. gxf3 Qf6 16. Be3 h5 17. Qe4 h4 18. Kd2 0-0 19. Bd3 g6 20. c5 Kg7 21. Nc3 c6 22. Raf1 Na6 23. f4 cxd5 24. Nxd5 Qc6 25. Qxe5+ Kh7 26. Qh5+ Kg8 27. Ne7+ Kg7 28. Bd4+ 1-0

[Event "Western Class-ch"]
[Site "Agoura Hills"]
[Date "2004.01.17"]
[Round "2"]
[White "Van Buskirk, Charles Anthony"]
[Black "Yanayt, Eugene"]
[Result "1/2-1/2"]
[WhiteElo "2292"]
[BlackElo "2209"]
[PlyCount "64"]
[EventDate "2004.01.16"]
[EventType "swiss"]
[EventRounds "7"]
[EventCountry "USA"]
[SourceTitle "CBM 098 Extra"]
[Source "ChessBase"]
[SourceDate "2004.03.10"]
[SourceVersion "2"]
[SourceVersionDate "2004.03.10"]
[SourceQuality "1"]

1. d4 Nf6 2. c4 g6 3. Nc3 Bg7 4. e4 d6 5. f3 0-0 6. Be3 c5 7. Nge2 Nc6 8. d5 Ne5 9. Ng3 e6 10. Be2 exd5 11. cxd5 a6 12. Qd2 Re8 13. a4 Bd7 14. 0-0 b5 15. axb5 axb5 16. Nxb5 Qb6 17. Nc3 Reb8 18. Rxa8 Rxa8 19. h3 Qb4 20. f4 Nc4 21. Bxc4 Qxc4 22. e5 Ne8 23. Qf2 f5 24. exd6 Rc8 25. Rc1 Nxd6 26. Nce4 Nxe4 27. Rxc4 Nxf2 28. Kxf2 Bxb2 29. Rxc5 Rxc5 30. Bxc5 Bb5 31. Ne2 Kf7 32. Bd4 Bxe2 1/2-1/2

[Event "Memorial Day Classic"]
[Site "Los Angeles"]
[Date "2003.05.24"]
[Round "1"]
[White "Van Buskirk, Charles Anthony"]
[Black "Kurosaki, Takashi"]
[Result "1-0"]
[WhiteElo "2311"]
[BlackElo "2076"]
[PlyCount "81"]
[EventDate "2003.05.24"]
[EventType "swiss"]
[EventRounds "6"]
[EventCountry "USA"]
[SourceTitle "CBM 094 Extra"]
[Source "ChessBase"]
[SourceDate "2003.07.09"]
[SourceVersion "2"]
[SourceVersionDate "2003.07.09"]
[SourceQuality "1"]

1. d4 c5 2. d5 e5 3. e4 d6 4. Nc3 Be7 5. Bb5+ Nd7 6. f4 Bh4+ 7. g3 Bf6 8. Nf3 Qe7 9. 0-0 exf4 10. Bxf4 Bxc3 11. bxc3 f6 12. Nd2 g5 13. Qh5+ Kd8 14. Bxd7 Bxd7 15. Be3 Kc7 16. Rae1 Be8 17. Qe2 h5 18. e5 Qxe5 19. Qd3 Bf7 20. c4 Qb2 21. Bxg5 Re8 22. Bf4 Rxe1 23. Rxe1 h4 24. Ne4 hxg3 25. Bxd6+ Kd8 26. Bxg3 Bg6 27. Qe3 b6 28. Nc3 Rh5 29. Qe6 Re5 30. Rxe5 fxe5 31. Qxg8+ Be8 32. Qg5+ Kc8 33. Qxe5 Qc1+ 34. Kg2 Qxc2+ 35. Ne2 Kb7 36. Qxe8 Qxc4 37. Qe5 Qxa2 38. d6 Kc6 39. Qe4+ Kd7 40. Qb7+ Ke6 41. Qe7+ 1-0

[Event "World op 29th"]
[Site "Philadelphia"]
[Date "2001.07.07"]
[Round "6"]
[White "Van Buskirk, Charles Anthony"]
[Black "Magar, Thomas P"]
[Result "1-0"]
[WhiteElo "2323"]
[BlackElo "2115"]
[PlyCount "59"]
[EventDate "2001.06.30"]
[EventType "swiss"]
[EventRounds "9"]
[EventCountry "USA"]
[SourceTitle "EXT 2002"]
[Source "ChessBase"]
[SourceDate "2001.11.25"]
[SourceVersion "1"]
[SourceVersionDate "2001.11.25"]
[SourceQuality "1"]

1. d4 Nf6 2. c4 e6 3. Nc3 Bb4 4. f3 d5 5. a3 Be7 6. e4 dxe4 7. fxe4 e5 8. d5 Bc5 9. Nf3 Ng4 10. Na4 Bf2+ 11. Ke2 Bd4 12. Nxd4 exd4 13. Qxd4 0-0 14. h3 Nf6 15. Bg5 Nc6 16. Qe3 Ne5 17. Kd1 h6 18. Bh4 Nxd5 19. exd5 Qxh4 20. Qxe5 Bg4+ 21. Kc2 Qf2+ 22. Kb3 Rfe8 23. Qxc7 b5 24. Nc3 Rac8 25. Qd6 bxc4+ 26. Bxc4 Bf5 27. Rac1 Rb8+ 28. Bb5 Red8 29. Rhf1 Bc2+ 30. Rxc2 1-0

[Event "World op 29th"]
[Site "Philadelphia"]
[Date "2001.07.06"]
[Round "4"]
[White "Van Buskirk, Charles Anthony"]
[Black "Gruenfeld, Yehuda"]
[Result "0-1"]
[WhiteElo "2323"]
[BlackElo "2520"]
[PlyCount "80"]
[EventDate "2001.06.30"]
[EventType "swiss"]
[EventRounds "9"]
[EventCountry "USA"]
[SourceTitle "EXT 2002"]
[Source "ChessBase"]
[SourceDate "2001.11.25"]
[SourceVersion "1"]
[SourceVersionDate "2001.11.25"]
[SourceQuality "1"]

1. d4 Nf6 2. c4 e6 3. Nc3 Bb4 4. e3 0-0 5. Bd3 d5 6. Nf3 b6 7. 0-0 Bb7 8. cxd5 exd5 9. Ne5 a6 10. f4 Bd6 11. Qf3 b5 12. a3 c5 13. Bd2 Qb6 14. Ne2 Ne4 15. Bxe4 dxe4 16. Qh3 Bc8 17. Qh5 Nd7 18. Nxd7 Bxd7 19. b4 cxb4 20. Bxb4 f5 21. Nc3 Be6 22. Bxd6 Qxd6 23. Rfc1 Rfc8 24. Qe2 Bc4 25. Qb2 Rab8 26. Rab1 h6 27. Qb4 Qd8 28. Qb2 Kh7 29. Ne2 a5 30. Rc2 b4 31. Rbc1 Bxe2 32. Rxe2 Rxc1+ 33. Qxc1 b3 34. Rb2 Rc8 35. Qd2 a4 36. d5 Qd6 37. Qd4 Qc5 38. d6 Qxd4 39. exd4 Rc4 40. Rd2 e3 0-1

[Event "Continental op 45'"]
[Site "Los Angeles"]
[Date "2000.07.29"]
[Round "7"]
[White "Allen, David JC"]
[Black "Van Buskirk, Charles Anthony"]
[Result "0-1"]
[WhiteElo "2250"]
[BlackElo "2307"]
[PlyCount "80"]
[EventDate "2000.07.24"]
[EventType "swiss"]
[EventRounds "9"]
[EventCountry "USA"]
[SourceTitle "EXT 2001"]
[Source "ChessBase"]
[SourceDate "2000.11.22"]
[SourceVersion "1"]
[SourceVersionDate "2000.11.22"]
[SourceQuality "1"]

1. d4 d5 2. c4 c6 3. Nc3 dxc4 4. a4 e5 5. dxe5 Qxd1+ 6. Nxd1 Na6 7. f3 Be6 8. Kf2 Nb4 9. Bd2 Rd8 10. Bxb4 Bxb4 11. Nh3 Ne7 12. Nf4 0-0 13. Nxe6 fxe6 14. e4 Rd4 15. Rc1 b5 16. axb5 cxb5 17. Nc3 Rd2+ 18. Kg3 Rxb2 19. Nxb5 Bd2 20. Bxc4 Bf4+ 21. Kh3 Bxc1 22. Rxc1 Ng6 23. g3 Nxe5 24. Bxe6+ Kh8 25. Nd6 g5 26. Bf5 Nd3 27. Nc4 Ra2 28. Rf1 Nf2+ 29. Rxf2 Rxf2 30. Kg4 h6 31. h3 Kg7 32. f4 gxf4 33. gxf4 Rg2+ 34. Kf3 Rxf5 35. exf5 Rc2 36. Ne5 a5 37. h4 a4 38. h5 a3 39. Ng4 a2 40. f6+ Kf7 0-1

[Event "Continental op 45'"]
[Site "Los Angeles"]
[Date "2000.07.28"]
[Round "4"]
[White "Van Buskirk, Charles Anthony"]
[Black "Harmon, Clark R"]
[Result "1-0"]
[WhiteElo "2307"]
[BlackElo "2166"]
[PlyCount "91"]
[EventDate "2000.07.24"]
[EventType "swiss"]
[EventRounds "9"]
[EventCountry "USA"]
[SourceTitle "EXT 2001"]
[Source "ChessBase"]
[SourceDate "2000.11.22"]
[SourceVersion "1"]
[SourceVersionDate "2000.11.22"]
[SourceQuality "1"]

1. d4 Nf6 2. c4 e6 3. Nc3 Bb4 4. e3 Nc6 5. Bd3 e5 6. Nge2 d5 7. 0-0 dxc4 8. Bxc4 exd4 9. exd4 0-0 10. h3 a6 11. Be3 Bd6 12. a3 h6 13. Qd3 Bd7 14. Rad1 Qc8 15. Ng3 Re8 16. Bxh6 Be6 17. Bxe6 Qxe6 18. Bc1 Bxg3 19. Qxg3 Nd5 20. Nxd5 Qxd5 21. Bh6 g6 22. Qxc7 Nxd4 23. Qb6 Ne2+ 24. Kh1 Re6 25. Rxd5 Rxb6 26. Rd2 Re8 27. Kh2 Rf6 28. g3 Kh7 29. Bg5 Rf5 30. h4 Kg8 31. Kg2 Re4 32. f3 Re6 33. Kf2 f6 34. Rxe2 Rxe2+ 35. Kxe2 fxg5 36. hxg5 Rxg5 37. Rc1 Rb5 38. b4 a5 39. Rc5 Rxc5 40. bxc5 Kf7 41. Kd3 Ke6 42. Kc4 Ke5 43. a4 g5 44. Kb5 Kd4 45. Kb6 Kc4 46. f4 1-0

[Event "Southern California-ch"]
[Site "Los Angeles"]
[Date "2000.07.15"]
[Round "5"]
[White "Van Buskirk, Charles Anthony"]
[Black "Yee, Karl Y"]
[Result "1-0"]
[WhiteElo "2335"]
[BlackElo "2276"]
[PlyCount "130"]
[EventDate "2000.07.08"]
[EventType "tourn"]
[EventRounds "7"]
[EventCountry "USA"]
[EventCategory "4"]
[SourceTitle "CBM 077 Extra"]
[Source "ChessBase"]
[SourceDate "2000.09.14"]
[SourceVersion "1"]
[SourceVersionDate "2000.09.14"]
[SourceQuality "1"]

1. d4 e6 2. g3 f5 3. Bg2 Nf6 4. Nf3 Be7 5. 0-0 0-0 6. c4 Ne4 7. Nbd2 d5 8. b3 Nc6 9. Bb2 Bd7 10. Rc1 Be8 11. a3 a5 12. Ne1 Bh5 13. f3 Nxd2 14. Qxd2 Bf6 15. e3 Bf7 16. f4 Ne7 17. Nf3 Nc8 18. c5 a4 19. bxa4 Be8 20. a5 Bb5 21. Rfe1 Ne7 22. Bf1 Bxf1 23. Rxf1 Nc6 24. Bc3 Ra6 25. Rb1 Qa8 26. Rb5 Na7 27. Rb3 Nc6 28. Rfb1 Nxa5 29. Bxa5 Rxa5 30. Qb2 Rxc5 31. Ne5 Bxe5 32. fxe5 Rc4 33. Rxb7 Qa4 34. Rb4 Rxb4 35. axb4 Ra8 36. Qc3 Qa2 37. Rc1 h6 38. Qc2 Qa3 39. Qc3 Qa6 40. Qc6 Qxc6 41. Rxc6 Rb8 42. Rxe6 Rxb4 43. Rc6 Rb1+ 44. Kf2 Rb2+ 45. Ke1 Rxh2 46. Rxc7 Rg2 47. e6 Kf8 48. Rf7+ Ke8 49. Rxg7 Ra2 50. Rh7 Rb2 51. Kf1 Ra2 52. Rf7 Ra6 53. Rxf5 Rxe6 54. Kf2 Rd6 55. Kf3 Ke7 56. Kf4 Ke6 57. Re5+ Kf6 58. g4 Kg6 59. Rf5 Rd8 60. e4 dxe4 61. Kxe4 Ra8 62. d5 Ra4+ 63. Ke5 Rxg4 64. d6 Ra4 65. Rf8 Ra7 1-0

[Event "Southern California-ch"]
[Site "Los Angeles"]
[Date "2000.07.08"]
[Round "2"]
[White "Davis, Tony"]
[Black "Van Buskirk, Charles Anthony"]
[Result "1/2-1/2"]
[WhiteElo "2242"]
[BlackElo "2335"]
[PlyCount "101"]
[EventDate "2000.07.08"]
[EventType "tourn"]
[EventRounds "7"]
[EventCountry "USA"]
[EventCategory "4"]
[SourceTitle "CBM 077 Extra"]
[Source "ChessBase"]
[SourceDate "2000.09.14"]
[SourceVersion "1"]
[SourceVersionDate "2000.09.14"]
[SourceQuality "1"]

1. e4 c5 2. Nf3 d6 3. d4 cxd4 4. Nxd4 Nf6 5. Nc3 Nc6 6. Bg5 e6 7. Qd2 Be7 8. f4 Nxd4 9. Qxd4 0-0 10. 0-0-0 Qa5 11. Rd3 e5 12. Qg1 exf4 13. Bxf4 Be6 14. a3 Nxe4 15. Nxe4 Qe1+ 16. Rd1 Qxe4 17. Qf2 d5 18. Bd3 Qa4 19. Be5 Rad8 20. Rhe1 Bg5+ 21. Kb1 a6 22. h4 Qxh4 23. Qb6 Qg4 24. Qxb7 Bc8 25. Qa7 h6 26. b4 Rd7 27. Qc5 Be7 28. Qc3 Bb7 29. Rf1 d4 30. Qe1 g6 31. Rf4 Qxg2 32. Rxd4 Rxd4 33. Bxd4 Qg5 34. Qf2 Qh4 35. Qg1 Qg5 36. Qh2 Bf6 37. Rg1 Qh4 38. Qxh4 Bxh4 39. Bxg6 Bg5 40. Bd3 f5 41. Kb2 f4 42. c4 f3 43. c5 f2 44. Rf1 Bh4 45. Bc4+ Kh7 46. Bd3+ Kg8 47. a4 Bg3 48. Bc4+ Kh7 49. Bd3+ Kg8 50. Bc4+ Kh7 51. Bd3+ 1/2-1/2

[Event "San Francisco Masters op"]
[Site "San Francisco"]
[Date "2000.04.01"]
[Round "2"]
[White "Van Buskirk, Charles Anthony"]
[Black "Levin, Eugene"]
[Result "1-0"]
[WhiteElo "2335"]
[BlackElo "2177"]
[PlyCount "95"]
[EventDate "2000.03.31"]
[EventType "swiss"]
[EventRounds "7"]
[EventCountry "USA"]
[SourceTitle "EXT 2001"]
[Source "ChessBase"]
[SourceDate "2000.11.22"]
[SourceVersion "1"]
[SourceVersionDate "2000.11.22"]
[SourceQuality "1"]

1. d4 Nf6 2. c4 c5 3. d5 b5 4. cxb5 a6 5. bxa6 g6 6. Nc3 Bxa6 7. e4 Bxf1 8. Kxf1 d6 9. g3 Nbd7 10. Nf3 Bg7 11. Kg2 Qb6 12. h3 c4 13. Qe2 Rc8 14. Be3 Qb4 15. Rhd1 0-0 16. Bd4 e5 17. dxe6 fxe6 18. e5 dxe5 19. Nxe5 Qb7+ 20. Kg1 Nxe5 21. Bxe5 Rfe8 22. a4 Nd5 23. Nb5 Bf8 24. Rac1 Nb6 25. Nd6 Bxd6 26. Rxd6 Nxa4 27. Rcd1 Nc5 28. Bc3 Qe4 29. Qd2 Nd3 30. Rd7 Qf3 31. Rg7+ Kf8 32. Rxh7 g5 33. Ra1 Ra8 34. Rxa8 Rxa8 35. Rh8+ Kf7 36. Rxa8 Qxa8 37. Qxg5 Qa1+ 38. Kg2 e5 39. Qf5+ Ke7 40. h4 Qb1 41. Qg5+ Kd6 42. Qd8+ Kc5 43. Qg5 Qd1 44. h5 Qc2 45. Qe3+ Kc6 46. h6 Nf4+ 47. gxf4 Qg6+ 48. Qg3 1-0

[Event "Southern California-ch"]
[Site "Los Angeles"]
[Date "1999.07.11"]
[Round "4"]
[White "Lakdawala, Cyrus"]
[Black "Van Buskirk, Charles Anthony"]
[Result "0-1"]
[WhiteElo "2438"]
[BlackElo "2287"]
[PlyCount "112"]
[EventDate "1999.07.05"]
[EventType "tourn"]
[EventRounds "7"]
[EventCountry "USA"]
[EventCategory "4"]
[SourceTitle "CBM 071 Extra"]
[Source "ChessBase"]
[SourceDate "1999.09.14"]
[SourceVersion "1"]
[SourceVersionDate "1999.09.14"]
[SourceQuality "1"]

1. Nf3 d5 2. d4 Nf6 3. e3 e6 4. Nbd2 c5 5. c3 Nc6 6. Bd3 Bd6 7. 0-0 0-0 8. dxc5 Bxc5 9. b4 Bd6 10. a3 e5 11. e4 a6 12. Qc2 dxe4 13. Nxe4 Nxe4 14. Bxe4 h6 15. Re1 Qf6 16. Bb2 Bg4 17. c4 Rab8 18. Bxc6 bxc6 19. Nxe5 Bf5 20. Qb3 Rfe8 21. f4 Qh4 22. g3 Qh3 23. Qf3 Rbd8 24. Nd3 Rxe1+ 25. Nxe1 Bxb4 26. axb4 Rd2 27. Ng2 Rxb2 28. Qxc6 Rxb4 29. Qe8+ Kh7 30. Qe2 Rb3 31. Nh4 Bd3 32. Qg2 Qd7 33. Nf3 Bxc4 34. Qc2+ Qd3 35. Qxd3+ Bxd3 36. Ne5 Rb1+ 37. Rxb1 Bxb1 38. Nxf7 a5 39. Nd6 Bd3 40. Nb7 a4 41. Nc5 Bc2 42. Na6 a3 43. Nb4 Bb1 44. g4 g6 45. Kf2 a2 46. Nxa2 Bxa2 47. Kg3 Kg7 48. Kh4 Bc4 49. Kg3 Kf6 50. Kh4 Bf7 51. Kg3 Ke6 52. Kh4 Kd5 53. g5 h5 54. h3 Ke4 55. Kg3 Be6 56. Kh4 Bxh3 0-1

[Event "Southern California-ch"]
[Site "Los Angeles"]
[Date "1999.07.10"]
[Round "2"]
[White "Altounian, Levon"]
[Black "Van Buskirk, Charles Anthony"]
[Result "1/2-1/2"]
[WhiteElo "2434"]
[BlackElo "2287"]
[PlyCount "45"]
[EventDate "1999.07.05"]
[EventType "tourn"]
[EventRounds "7"]
[EventCountry "USA"]
[EventCategory "4"]
[SourceTitle "CBM 071 Extra"]
[Source "ChessBase"]
[SourceDate "1999.09.14"]
[SourceVersion "1"]
[SourceVersionDate "1999.09.14"]
[SourceQuality "1"]

1. c4 e5 2. g3 Nf6 3. Bg2 d5 4. cxd5 Nxd5 5. Nc3 Nb6 6. d3 Be7 7. Nf3 Nc6 8. Be3 0-0 9. 0-0 Bg4 10. Rc1 Qd7 11. Ne4 f6 12. Bc5 Nd4 13. Nxd4 exd4 14. Qb3+ Kh8 15. Qb4 Rfe8 16. f3 Be6 17. Qxd4 Bxc5 18. Qxc5 Bxa2 19. Qxc7 Qd4+ 20. Kh1 Qxb2 21. Rc2 Qb3 22. Rfc1 Rac8 23. Qxc8 1/2-1/2

[Event "Southern California-ch"]
[Site "Irvine"]
[Date "1998.??.??"]
[Round "1"]
[White "Altounian, Levon"]
[Black "Van Buskirk, Charles Anthony"]
[Result "1-0"]
[WhiteElo "2430"]
[BlackElo "2265"]
[PlyCount "85"]
[EventDate "1998.07.??"]
[EventType "tourn"]
[EventRounds "7"]
[EventCountry "USA"]
[EventCategory "4"]
[SourceTitle "EXT 1999"]
[Source "ChessBase"]
[SourceDate "1998.11.16"]
[SourceVersion "1"]
[SourceVersionDate "1998.11.16"]
[SourceQuality "1"]

1. e4 c5 2. Nf3 d6 3. d4 cxd4 4. Nxd4 Nf6 5. f3 e5 6. Nb3 Be7 7. c4 a5 8. Be3 a4 9. N3d2 Qa5 10. Be2 Bd8 11. Nc3 0-0 12. Nb5 Bb6 13. Bxb6 Qxb6 14. Nb1 Nc6 15. N1c3 a3 16. Nxa3 Qxb2 17. Nab5 Qb4 18. Qxd6 Qa5 19. Qc7 Qb4 20. Qd6 Qa5 21. 0-0 Rd8 22. Qc5 Rd4 23. Nd5 Rd2 24. Rf2 Rxa2 25. Rxa2 Qxa2 26. Nbc7 Qa3 27. Qxa3 Rxa3 28. Nxf6+ gxf6 29. Ne8 Be6 30. Nxf6+ Kg7 31. Nd5 Nd4 32. Bf1 Rb3 33. Ra2 f5 34. exf5 Bxf5 35. Kf2 e4 36. Rd2 Nc6 37. Ne3 Bg6 38. f4 Rb1 39. g4 Nb4 40. Rd7+ Bf7 41. Nf5+ Kf8 42. Rd8+ Be8 43. Nd6 1-0

[Event "Southern California-ch"]
[Site "Irvine"]
[Date "1998.??.??"]
[Round "3"]
[White "Hermansen, Ron"]
[Black "Van Buskirk, Charles Anthony"]
[Result "1-0"]
[WhiteElo "2205"]
[BlackElo "2265"]
[PlyCount "65"]
[EventDate "1998.07.??"]
[EventType "tourn"]
[EventRounds "7"]
[EventCountry "USA"]
[EventCategory "4"]
[SourceTitle "EXT 1999"]
[Source "ChessBase"]
[SourceDate "1998.11.16"]
[SourceVersion "1"]
[SourceVersionDate "1998.11.16"]
[SourceQuality "1"]

1. e4 c5 2. Nf3 d6 3. d4 cxd4 4. Nxd4 Nf6 5. Nc3 Nc6 6. Bg5 e6 7. Qd2 Be7 8. 0-0-0 0-0 9. Nb3 Qb6 10. f3 Rd8 11. Kb1 Qc7 12. Bxf6 Bxf6 13. g4 a6 14. h4 b5 15. g5 Be7 16. Qh2 b4 17. Na4 Ra7 18. f4 Bd7 19. h5 Re8 20. g6 h6 21. gxf7+ Kxf7 22. e5 Nd8 23. Qg1 Bxa4 24. Qg6+ Kg8 25. Bd3 Nf7 26. Rhg1 Bg5 27. Qh7+ Kf8 28. fxg5 hxg5 29. Rgf1 Qd8 30. Qh8+ Ke7 31. Qxg7 Rf8 32. Bg6 Be8 33. exd6+ 1-0

[Event "Southern California-ch"]
[Site "Irvine"]
[Date "1998.??.??"]
[Round "7"]
[White "Van Buskirk, Charles Anthony"]
[Black "Longren, William B"]
[Result "1/2-1/2"]
[WhiteElo "2265"]
[BlackElo "2320"]
[PlyCount "87"]
[EventDate "1998.07.??"]
[EventType "tourn"]
[EventRounds "7"]
[EventCountry "USA"]
[EventCategory "4"]
[SourceTitle "EXT 1999"]
[Source "ChessBase"]
[SourceDate "1998.11.16"]
[SourceVersion "1"]
[SourceVersionDate "1998.11.16"]
[SourceQuality "1"]

1. d4 f5 2. g3 Nf6 3. Bg2 d6 4. c4 e5 5. dxe5 dxe5 6. Qxd8+ Kxd8 7. Nc3 c6 8. Nf3 Bd6 9. 0-0 Be6 10. b3 Nbd7 11. Bb2 h6 12. Rfd1 Kc7 13. Rac1 a6 14. Nd5+ Bxd5 15. cxd5 c5 16. Nh4 f4 17. b4 b6 18. Nf5 g5 19. bxc5 Nxc5 20. Ba3 Kd7 21. Rc2 Rab8 22. Rdc1 Bf8 23. gxf4 gxf4 24. d6 Rg8 25. Kf1 Ng4 26. Bxc5 bxc5 27. Rxc5 Bxd6 28. Nxd6 Kxd6 29. Rc6+ Ke7 30. h3 Nf6 31. Rc7+ Ke6 32. Bb7 Kf5 33. Bxa6 Kg5 34. Bc8 Ne4 35. Be6 Rg6 36. Bd5 Nf6 37. Bb3 Kh4 38. Bf7 Rg7 39. Be6 Rxc7 40. Rxc7 Rb6 41. Bc8 Rb1+ 42. Kg2 Rb2 43. Rc6 Kg5 44. h4+ 1/2-1/2